Word Power Dictionary improve your english as you build your vocabulary
Gespeichert in:
| Format: | Buch |
|---|---|
| Sprache: | Slowakisch |
| Veröffentlicht: |
New York
The reader's digest association
2002
|
| Online-Zugang: | Im OPAC anzeigen |
| Tags: |
Keine Tags, Fügen Sie das erste Tag hinzu!
|
MARC
| LEADER | 00000nam a2200000 a 4500 | ||
|---|---|---|---|
| 001 | vtls001445751 | ||
| 003 | VRT | ||
| 005 | 20260127134423.0 | ||
| 008 | 180126sm y0slocxo r 0 slo c | ||
| 020 | |a 9622582362 | ||
| 035 | |a SNK000400988 | ||
| 039 | 9 | |a 201801261103 |b VLOAD |c 201306071055 |d VLOAD | |
| 040 | |a SNK |b slo |c SNK |e AACR2 | ||
| 044 | |a xo |c SK | ||
| 245 | 1 | |a Word Power Dictionary |b improve your english as you build your vocabulary | |
| 260 | |a New York |b The reader's digest association |c 2002 | ||
| 942 | |2 udc |c 14 | ||
| 949 | |6 17A0356313 |9 snkWOR 802.0(031) |a snkIB 70495 |b snkK 1662/2002 | ||
| 999 | |c 12374 |d 12374 | ||